Normal view
MARC view
- الرحلات- رحلة الربى بتاحيا الراتسبواني 1175 - 1180م/571 - 576 هجري
Entry Topical Term
001 - CONTROL NUMBER
- control field: 48573
003 - CONTROL NUMBER IDENTIFIER
- control field: JO-AjAnu
005 - DATE AND TIME OF LATEST TRANSACTION
- control field: 20230606082017.0
008 - FIXED-LENGTH DATA ELEMENTS
- fixed length control field: 230606|| aca||aabn | a|a d
040 ## - CATALOGING SOURCE
- Original cataloging agency: JO-AjAnu
- Transcribing agency: JO-AjAnu
150 ## - HEADING--TOPICAL TERM
- Topical term or geographic name entry element: الرحلات- رحلة الربى بتاحيا الراتسبواني 1175 - 1180م/571 - 576 هجري
670 ## - SOURCE DATA FOUND
- Source citation: Work cat.: (JO-AjAnu)24848: ترجمة ودراسة وتحقيق الدويكات، فؤاد عبد الرحيم, author 48572, رحلة الربي بتاحيا الراتسبوني 1175 - 1180م/571 - 576 هجري